000
00338nam a2200133Ia 4500
008
240624s9999 xx 000 0 und d
041
_a
eng
082
_a
823 ELD
100
_a
ELDRIFGE JIM
245
_a
INVISIBLE ASSASSIN THE MALICHEA QUEST
260
_c
2012
_a
New Delhi
_b
Bloomsbury
300
_a
258 : p. : cm. ; 20
365
_c
RS
_b
25
999
_c
19930
_d
19930